000 00438nam a2200181Ia 4500
001 14900
005 20260306164948.0
008 260306t2014||||xx |||||||||||||| ||spa||
041 _aESP
082 _a519.5
_bL54D 2014
100 _aLevine, David M.
_eAUT
245 0 _aEstadística para administración
260 _c2014
300 _axxv, 595 páginas :
_c27 cm.
650 _aGEN
654 _aCMA
942 _cLIB
_dJUS
_fJUS
_2ddc
_n
999 _c14900
_d14900